000 00301nam a22001217a 4500
040 _cHS
082 _a301
100 _aនុត សាឡន
245 _aវិធីសាស្ត្រស្រាវជា្រវ
260 _aRUA
_bនុត សាឡន
_c2011
300 _a47p;
942 _cKB
999 _c9750
_d9750